| 000 | 01144cad a22001815a 4500 | ||
|---|---|---|---|
| 001 | L142503 | ||
| 008 | 080219s2008 xxk f 000 0 eng d | ||
| 035 | _a(Sirsi) u142503 | ||
| 041 | 0 | _aeng | |
| 100 | 1 | _aMortimer, Michael | |
| 245 | 0 | 4 |
_aThe valuation file _h[electronic resource] |
| 260 |
_aLondon _bRICS _c2008 |
||
| 520 | _aThe first article in a series on risk management for valuation work, this article gives an overview and general guidance on the key stages of a typical valuation job. Considers the humdrum but vital role of the valuation file and how it should be managed. Concludes that when challenged to substantiate a valuation, even the best practitioners can find themselves in difficulties if the file does not provide sufficient evidence. The importance of maintaining a comprehensive file cannot be emphasised strongly enough: it can make a vital difference in defending a claim. | ||
| 651 | 4 |
_aUnited Kingdom _y |
|
| 690 | _aPROPERTY-PROPERTY APPRAISAL AND VALUATION | ||
| 856 | 4 | 0 |
_uhttps://www.rics.org/RICSWEB/getpage.aspx?p=Wz43I4oRSkq94EiYIEuzFQ _vzView the document free of charge at www.rics.org... |
| 942 | _n0 | ||
| 999 |
_c107905 _d107905 |
||